| 000 | 01941nam a22002177a 4500 | ||
|---|---|---|---|
| 999 |
_c58763 _d58763 |
||
| 003 | Ge_BSU | ||
| 005 | 20221221133929.0 | ||
| 008 | 220718s2022ge xxu||||| |||| 00| 0 geo d | ||
| 041 | _ageo | ||
| 080 | _a33 ს-31 | ||
| 100 |
_aსაფარიძე, გურამ. _914435 |
||
| 245 |
_aსაქართველოს ბიზნეს გარემოს ფორმირების აქტუალური საკითხები ევროინტეგრაციის პირობებში: _bდისერტაცია. ბიზნესის ადმინისტრირების დოქტორის აკადემიურიხარისხის მოსაპოვებლად / _cგურამ საფარიძე, სამეცნ.ხელმძღ. პროფ. პაატა ჩაგანავა. |
||
| 264 |
_aბათუმი: _bბათუმის შოთა რუსთაველის სახელმწიფო უნივერსიტეტი, _c2022. |
||
| 300 |
_a147 გვ.: _c30 სმ. |
||
| 653 | _aსაქართველოს ბიზნეს გარემოს ფორმირების აქტუალური საკითხები ევროინტეგრაციის პირობებში | ||
| 653 | _aეკონომიკა | ||
| 700 |
_aჩაგანავა,პაატა _eსამეცნიერო ხელმძღვანელი _914436 |
||
| 710 |
_aბათუმის შოთა რუსთაველის სახელმწიფო უნივერსიტეტი _914437 |
||
| 710 |
_aეკონომიკისა და ბიზნესის ფაკულტეტი ბიზნესის ადმინისტრირების დეპარტამენტი _914438 |
||
| 942 |
_2udc _cDS |
||